000 00476nam a2200181Ia 4500
005 20250326144058.0
008 250326s9999 xx 000 0 und d
037 _aTextbook
040 _aFMSL
_beng
_cFMSL
041 _aeng
_2eng
084 _qFMSL
100 _aFarazmand A
_9109941
245 0 _aPrivatization or public enterprise reform?
_cFarazmand A
260 _aLondon
_bLondon, Greenwood
_c2001
300 _a270p
942 _cTB
999 _c1302264
_d1302264